Wood Panel Industries Federation (Record no. 120429)

MARC details
000 -LEADER
fixed length control field 00886cam a2200205 4500
001 - CONTROL NUMBER
control field WS125645
008 - FIXED-LENGTH DATA ELEMENTS--GENERAL INFORMATION
fixed length control field 040329n 000 0 eng u
035 ## - SYSTEM CONTROL NUMBER
System control number (Sirsi) u125645
110 ## - MAIN ENTRY--CORPORATE NAME
Corporate name or jurisdiction name as entry element Wood Panel Industries Federation
9 (RLIN) 4611
245 ## - TITLE STATEMENT
Title Wood Panel Industries Federation
520 ## - SUMMARY, ETC.
Summary, etc. Web site for this organisation representing industrial manufacturers in the UK and Ireland of wood chipboard, Oriented Strand Board (OSB) and Medium Density Fibre board (MDF). Includes a list of members, guidance and technical information on types of board and details of publications.
650 ## - SUBJECT ADDED ENTRY--TOPICAL TERM
Topical term or geographic name entry element ORGANISATION
650 ## - SUBJECT ADDED ENTRY--TOPICAL TERM
Topical term or geographic name entry element CHIPBOARD
650 ## - SUBJECT ADDED ENTRY--TOPICAL TERM
Topical term or geographic name entry element ORIENTED STRAND BOARD
650 ## - SUBJECT ADDED ENTRY--TOPICAL TERM
Topical term or geographic name entry element MEDIUM DENSITY FIBREBOARD
650 ## - SUBJECT ADDED ENTRY--TOPICAL TERM
Topical term or geographic name entry element MDF
690 ## - LOCAL SUBJECT ADDED ENTRY--TOPICAL TERM (OCLC, RLIN)
Topical term or geographic name as entry element BUILT ENVIRONMENT-BUILDING MATERIALS
856 40 - ELECTRONIC LOCATION AND ACCESS
Uniform Resource Identifier <a href="https://www.wpif.org.uk">https://www.wpif.org.uk</a>
Public note View the website free of charge at www.wpif.org.uk...
942 ## - ADDED ENTRY ELEMENTS (KOHA)
Suppress in OPAC 0
Holdings
Withdrawn status Lost status Source of classification or shelving scheme Damaged status Not for loan Home library Current library Shelving location Date acquired Total Checkouts Full call number Barcode Date last seen Copy number Price effective from Koha item type
    Dewey Decimal Classification     Virtual Virtual Online 29/03/2004   WEB SITE 125645-1001 06/08/2019 1 06/08/2019 Online material